| 000 | 01019nam a22001937a 4500 | ||
|---|---|---|---|
| 008 | 100623s1969 ua|||||r||| 000 0 ara d | ||
| 082 |
_222 _a133.42 _bج ن د |
||
| 100 |
_915075 _aالجندي، علي |
||
| 245 |
_aالجن بين الحقائق والأساطير / _cتأليف علي الجندي |
||
| 260 |
_aالقاهرة: _bمكتبة الأنجلو المصرية، [1969-1970] _c[1969-1970] |
||
| 300 |
_a170، 176 ص؛ _c25 سم |
||
| 541 |
_aألف باء؛ _cشراء ؛ |
||
| 650 |
_915076 _aالشياطين والجان |
||
| 650 |
_915078 _aإبليس |
||
| 650 |
_915079 _aالعفاريت |
||
| 942 |
_2ddc _cBB _kج ن د 133.42 |
||
| 999 |
_c14170 _d14170 |
||